000
00256nam a2200109Ia 4500
005
20251222154436.0
008
251222s9999||||xx |||||||||||||| ||spa||
082
_a
339/A19
100
_a
"Ackley, Gardner"
245
0
_a
TeorÃa macroeconómica
942
_c
LIB
999
_c
36608
_d
36608